Toplam kalite yönetimi ve Türk vergi idaresi / (Record no. 200421578)

MARC details
000 -LEADER
fixed length control field 01093 a2200337 4500
001 - CONTROL NUMBER
control field 200421578
003 - CONTROL NUMBER IDENTIFIER
control field TR-AnTOB
005 - DATE AND TIME OF LATEST TRANSACTION
control field 20210901084528.0
008 - FIXED-LENGTH DATA ELEMENTS--GENERAL INFORMATION
fixed length control field 150313s 2 tu 000 0
040 ## - CATALOGING SOURCE
Original cataloging agency TR-AnTOB
Language of cataloging tur
Description conventions rda
041 0# - LANGUAGE CODE
Language code of text/sound track or separate title Türkçe
050 00 - LIBRARY OF CONGRESS CALL NUMBER
Classification number HD62.15
Item number .K37 2001
090 ## - LOCALLY ASSIGNED LC-TYPE CALL NUMBER (OCLC); LOCAL CALL NUMBER (RLIN)
Classification number (OCLC) (R) ; Classification number, CALL (RLIN) (NR) HD62.15 .K37 2001
100 1# - MAIN ENTRY--PERSONAL NAME
Personal name Karyağdı, Nazmi,
Dates associated with a name 1968-
9 (RLIN) 32825
245 10 - TITLE STATEMENT
Title Toplam kalite yönetimi ve Türk vergi idaresi /
Statement of responsibility, etc. Nazmi Karyağdı.
246 13 - VARYING FORM OF TITLE
Title proper/short title Türk vergi idaresi.
264 ## - PRODUCTION, PUBLICATION, DISTRIBUTION, MANUFACTURE, AND COPYRIGHT NOTICE
Place of production, publication, distribution, manufacture Ankara :
Name of producer, publisher, distributor, manufacturer Ankara Sanayi Odası,
Date of production, publication, distribution, manufacture, or copyright notice 2001.
300 ## - PHYSICAL DESCRIPTION
Extent 386 p. :
Other physical details ill. ;
Dimensions 24 cm.
336 ## - CONTENT TYPE
Content type term text
Source rdacontent
337 ## - MEDIA TYPE
Media type term unmediated
Source rdamedia
338 ## - CARRIER TYPE
Carrier type term volume
Source rdacarrier
490 0# - SERIES STATEMENT
Series statement Ankara Sanayi Odası yayını ;
Volume/sequential designation yayın no. 51
504 ## - BIBLIOGRAPHY, ETC. NOTE
Bibliography, etc. note
650 #0 - SUBJECT ADDED ENTRY--TOPICAL TERM
Topical term or geographic name entry element Total quality management
Geographic subdivision Turkey
9 (RLIN) 18056
Topical term or geographic name entry element Vergi yönetimi ve usulü
Geographic subdivision Türkiye
9 (RLIN) 18635
Topical term or geographic name entry element Tax administration and procedure
Geographic subdivision Turkey
9 (RLIN) 18634
Topical term or geographic name entry element Toplam kalite yönetimi
9 (RLIN) 9567
710 1# - ADDED ENTRY--CORPORATE NAME
Corporate name or jurisdiction name as entry element Ankara Sanayi Odası
9 (RLIN) 118769
942 ## - ADDED ENTRY ELEMENTS (KOHA)
Koha item type Book
Holdings
Withdrawn status Lost status Source of classification or shelving scheme Not for loan Collection code Home library Current library Shelving location Date acquired Source of acquisition Inventory number Total Checkouts Total Holds Full call number Barcode Copy number Koha item type Public note
    Library of Congress Classification Ödünç Verilebilir / Available Genel Koleksiyon Merkez Kütüphane Merkez Kütüphane Genel Koleksiyon / Main Collection 01/07/2005 TOBB Devir / TOBB Transfer END/İŞL     HD62.15 .K37 2001 0046905 1 Book Donated by TOBB
Devinim Yazılım Eğitim Danışmanlık tarafından Koha'nın orjinal sürümü uyarlanarak geliştirilip kurulmuştur.